Score 0/20 Timer 03:00
4 Plays Today
% Correct
Lady Gaga
94.8%
Queen Elizabeth II
94.2%
Usain Bolt
93.8%
Michael Jordan
90.5%
Buzz Aldrin
90.4%
Alfred Hitchcock
90.1%
Barack Obama
89.9%
Marilyn Monroe
88.7%
Babe Ruth
88.1%
Lionel Messi
87.5%
% Correct
Elvis Presley
87.4%
Michael Jackson
87.1%
Tom Hanks
86.2%
Adolf Hitler
84.9%
Demi Moore
83%
Kurt Cobain
80.7%
Sonny Liston
79.7%
Paul McCartney
75.3%
Steve Jobs
67%
Ellen DeGeneres
63.8%
Remove Ads.
Support Sporcle.
Get the best of Sporcle when you Go Orange. This ad-free experience offers more features, more stats, and more fun while also helping to support Sporcle. Thank you for becoming a member.

You're not logged in!

Compare scores with friends on all Sporcle quizzes.
OR
Log In

Show Comments

Extras

Top Quizzes Today


Score Distribution

Your Account Isn't Verified!

In order to create a playlist on Sporcle, you need to verify the email address you used during registration. Go to your Sporcle Settings to finish the process.

Report this User

Report this user for behavior that violates our Community Guidelines.

Details: